000 00357pab a2200145 454500
008 180718b1958 xxu||||| |||| 00| 0 eng d
100 _aKarve, D.G
245 _aIncentive Awards in the Public Service
260 _c1958
300 _aP. 14-18
362 _aJan.-Mar.
773 _aIndian Journal of Public Administration
908 _aN
909 _a87862
999 _c87862
_d87862